000 00698nam a2200265 i 4500
001 bg
100 1 _aLEONHARD, Woody
245 1 0 _aWord 97 - dokuczliwości ;
_c[tł. z ang. Włodzimierz Bieliński].
246 _iTyt. oryg.:
_aWord 97 annoyaces
260 _aWarszawa :
_bRead Me,
_c1998.
300 _aXV, 350 s. ;
_c24 cm.
500 _aOryg.: "Word 97 annoyaces".
504 _aIndeks.
650 9 _aWord
655 _aPodręczniki
700 1 _aHUDSPETH, Lee
700 1 _aLEE, T. J.
020 _a8387216410
040 _cBPK
041 1 _apl
_hen
080 _a004.42:004.4'232](07)
920 _a83-87216-41-0
942 _cKS
008 s pl f |000 0 pol
999 _c34756
_d34756